National Geographic Magazine (Record no. 8123)
[ view plain ]
| 000 -LEADER | |
|---|---|
| fixed length control field | 00459nam a2200145Ia 4500 |
| 022 ## - INTERNATIONAL STANDARD SERIAL NUMBER | |
| ISSN | 0027-9358 |
| 245 #0 - TITLE STATEMENT | |
| Title | National Geographic Magazine |
| 260 ## - PUBLICATION, DISTRIBUTION, ETC. (IMPRINT) | |
| Name of publisher | National Geographic Society |
| Place of publication | Washington |
| 310 ## - CURRENT PUBLICATION FREQUENCY | |
| Current publication frequency | M |
| 500 ## - GENERAL NOTE | |
| General note | Ending Volume & Year: 188, 1990 |
| 500 ## - GENERAL NOTE | |
| General note | Missing Volume: 143;145-146;152-153;166;168;173-176;188(6);192(6);193(1-5) |
| 500 ## - GENERAL NOTE | |
| General note | Starting Volume & Year: 141, 1972 |
| 942 ## - ADDED ENTRY ELEMENTS (KOHA) | |
| Koha item type | Bound Journal |
| Withdrawn status | Lost status | Damaged status | Not for loan | Home library | Current library | Date acquired | Accession Number | Koha item type |
|---|---|---|---|---|---|---|---|---|
| Bound journals | RRII Library | RRII Library | 31/12/2021 | 08093J | Bound Journal |